Полный вперед! Русский язык как иностранный: профессиональная сфера общения. Технический профиль: учебное пособие

Bibliografiske detaljer
Hovedforfatter: Выдрина В. В. Вера Владимировна
Institution som forfatter: Национальный исследовательский Томский политехнический университет
Andre forfattere: Погукаева А. В. Анна Вячеславовна
Summary:Заглавие с титульного экрана
Электронная версия печатной публикации
Пособие включает четыре темы: "Дефиниция научного понятия", "Характеристика предмета, явления, процесса, действия", "Классификация, соотношение целого и его компонентов", "Взаимосвязь, взаимозависимость и взаимодействие предметов, явлений, процессов, действий". Предлагается комплекс заданий, позволяющих овладеть основами устной и письменной научной коммуникации, лексическим и грамматическим материалом для использования в учебно-профессиональной сфере. Предназначено для подготовки иностранных учащихся к обучению на первом курсе российского инженерного вуза.
Режим доступа: из корпоративной сети ТПУ
Sprog:russisk
Udgivet: Томск, Изд-во ТПУ, 2013
Fag:
Online adgang:http://www.lib.tpu.ru/fulltext2/m/2013/m375.pdf
Format: Electronisk Bog
KOHA link:https://koha.lib.tpu.ru/cgi-bin/koha/opac-detail.pl?biblionumber=247193

MARC

LEADER 00000nlm0a2200000 4500
001 247193
005 20250529160804.0
035 |a (RuTPU)RU\TPU\book\268670 
090 |a 247193 
100 |a 20131218d2013 m y0rusy50 ca 
101 0 |a rus 
102 |a RU 
105 |a a j 001zy 
135 |a drcn ---uucaa 
181 0 |a i  
182 0 |a b 
200 1 |a Полный вперед! Русский язык как иностранный: профессиональная сфера общения. Технический профиль  |e учебное пособие  |f В. В. Выдрина, А. В. Погукаева  |g Национальный исследовательский Томский политехнический университет (ТПУ), Институт международного образования и языковой коммуникации (ИМОЯК), Кафедра русского языка как иностранного (РКИ) 
203 |a Текст  |c электронный 
210 |a Томск  |c Изд-во ТПУ  |d 2013 
300 |a Заглавие с титульного экрана 
300 |a Электронная версия печатной публикации 
330 |a Пособие включает четыре темы: "Дефиниция научного понятия", "Характеристика предмета, явления, процесса, действия", "Классификация, соотношение целого и его компонентов", "Взаимосвязь, взаимозависимость и взаимодействие предметов, явлений, процессов, действий". Предлагается комплекс заданий, позволяющих овладеть основами устной и письменной научной коммуникации, лексическим и грамматическим материалом для использования в учебно-профессиональной сфере. Предназначено для подготовки иностранных учащихся к обучению на первом курсе российского инженерного вуза. 
333 |a Режим доступа: из корпоративной сети ТПУ 
337 |a Adobe Reader 
606 1 |a Русский язык  |x Для других народов  |x Учебные руководства и пособия  |2 stltpush  |3 (RuTPU)RU\TPU\subj\26400  |9 50340 
610 1 |a электронный ресурс 
610 1 |a учебные пособия 
610 1 |a труды учёных ТПУ 
610 1 |a профессиональное общение 
610 1 |a профессиональные коммуникации 
610 1 |a устно-речевое общение 
610 1 |a устное общение 
610 1 |a устно-речевая коммуникация 
610 1 |a устные коммуникации 
610 1 |a устная речь 
610 1 |a письменная речь 
610 1 |a письменное общение 
610 1 |a письменно-речевая коммуникация 
610 1 |a письменные коммуникации 
610 1 |a лексика 
610 1 |a грамматика 
610 1 |a русский язык 
610 1 |a научные коммуникации 
686 |a Ш141.2-96  |2 rubbk 
700 1 |a Выдрина  |b В. В.  |c лингвист  |c доцент Томского политехнического университета, кандидат филологических наук  |f 1984-  |g Вера Владимировна  |3 (RuTPU)RU\TPU\pers\30195  |9 14589 
701 1 |a Погукаева  |b А. В.  |c лингвист  |c старший преподаватель Томского политехнического университета  |f 1984-  |g Анна Вячеславовна  |3 (RuTPU)RU\TPU\pers\31661 
712 0 2 |a Национальный исследовательский Томский политехнический университет  |c (2009- )  |9 26305 
801 1 |a RU  |b 63413507  |c 20131218 
801 2 |a RU  |b 63413507  |c 20171115  |g RCR 
850 |a 63413507 
856 4 |u http://www.lib.tpu.ru/fulltext2/m/2013/m375.pdf 
942 |c CF